El Estado de origen y aplicación de fondos a la luz del ajuste integral por variaciones del poder adquisitivo de la moneda
Guardado en:
| Autor principal: | |
|---|---|
| Otros Autores: | , , |
| Formato: | Desconocido |
| Aporte de: | Registro referencial: Solicitar el recurso aquí |
| LEADER | 00520 a2200145 4500 | ||
|---|---|---|---|
| 001 | ART_9621 | ||
| 005 | 20260410161837.0 | ||
| 008 | 260409a | ||
| 245 | 1 | 0 | |a El Estado de origen y aplicación de fondos a la luz del ajuste integral por variaciones del poder adquisitivo de la moneda |
| 100 | 1 | |a Arreghini, Hugo Ricardo | |
| 700 | 1 | |a Benko, José | |
| 700 | 1 | |a Oseroff, Claudio | |
| 700 | 1 | |a Vitale, María E. | |
| 773 | 0 | |t Contabilidad y administración |g - Año 6, Nº 55 (ene. 1982) |w REV5485 | |
| 999 | |c 23741 |d 23741 | ||